Education and training of information specialists for the 1970's
Gorde:
| Egile nagusia: | |
|---|---|
| Formatua: | Liburua |
| Hizkuntza: | Undetermined |
| Argitaratua: |
Paris
Organisation for Economic Co-operation and Development
1973
|
| Gaiak: | |
| Etiketak: |
Etiketa erantsi
Etiketarik gabe, Izan zaitez lehena erregistro honi etiketa jartzen!
|
| Thư viện lưu trữ: | Trung tâm Học liệu Trường Đại học Cần Thơ |
|---|
| LEADER | 00585nam a2200193Ia 4500 | ||
|---|---|---|---|
| 001 | CTU_83372 | ||
| 008 | 210402s9999 xx 000 0 und d | ||
| 082 | |a 001.5 | ||
| 082 | |b S394 | ||
| 100 | |a Schur, Herbert | ||
| 245 | 0 | |a Education and training of information specialists for the 1970's | |
| 245 | 0 | |c Herbert schur | |
| 260 | |a Paris | ||
| 260 | |b Organisation for Economic Co-operation and Development | ||
| 260 | |c 1973 | ||
| 650 | |a Information science | ||
| 650 | |x Study and teaching | ||
| 904 | |i Qhieu(sửa) | ||
| 980 | |a Trung tâm Học liệu Trường Đại học Cần Thơ | ||